Polstoletija slovackoj novelly

Podrobná bibliografia
Hlavný autor: Petrík, Vladimír, 1929-2017 (Autor)
Médium: Článok
Jazyk:ruština
ISBN:9785879021936
Predmet:

MARC

LEADER 00000naa a2200000 4500
001 vtls012143639
003 SK-MaSNL
005 20260302144313.0
008 220713s2009 xo er 0000m rus
015 |a SNBRA2022 
040 |a SNKBUCL  |b slo  |c SNKBUCL  |e rda 
041 0 |a rus 
044 |a xo  |c SK 
072 7 |a 821.162.4.09  |x Slovenská literatúra (o nej)  |2 konspekt 
080 |a (048.8)  |2 2011 
080 |a 821.162.4  |2 2011 
100 1 |a Petrík, Vladimír,  |d 1929-2017  |4 aut  |9 171168 
245 1 0 |a Polstoletija slovackoj novelly  |c V. Petrik 
336 |a text  |b txt  |2 rdacontent 
337 |a bez média  |b n  |2 rdamedia 
338 |a zväzok  |b nc  |2 rdacarrier 
648 7 |a 20. storočie  |2 SNKPH  |9 278343 
650 0 7 |a slovenská literatúra  |2 SNKPH  |9 1115 
655 7 |a štúdie  |2 SNKPH  |9 57033 
773 0 8 |t Dunajskaja mozaika : antologija slovackoj novelly : Kniga 2.  |d Moskva : MIK, 2009  |g S. 5-12  |z 9785879021936 
958 |a PETRIKAku/2009 
999 |c 1348528  |d 1350458